000 00733nam a2200181 a 4500
008 121022s9999 ||||||||||||||||| || u
020 _a9977925402
050 _aJZ 5584.A35 INT
100 _aBest,Shedrack Gaya
245 1 0 _aIntroduction to peace and conflict studies in west africa:a reader
_cedited by Shadrack Gaya Best
260 _aIbadan Nigeria:
_bSpectrum Books Limited
_c
300 _axv,496p.: ill.
500 _aincludes Bibiliography
650 _aPEACE-BUILDING--EUROPE, EASTERN
650 _aPEACE BUILDING--AFRICA, WEST
650 _aCONFLICT MANAGEMENT--AFRICA, WEST
995 _FCBU-MAIN LIBRARY (Kitwe)
_M1
_UAVAILABLE
_WNov 19, 2012
_ZDHIPS Book Collection
999 _c47928
_d47928